Sports Quiz

Random Sports or NCAA Quiz

Match the NEC Schools to their Locations Quiz Stats

 Plays Quiz not verified by Sporcle

Score 0/10 Timer 02:00
1 Play Today
% Correct
LIU
95%
Central Connecticut State
85%
St Francis College
82.5%
Fairleigh Dickinson
77.5%
Wagner
65%
Mount St Mary's
55%
Robert Morris
55%
Bryant
50%
Sacred Heart
50%
Saint Francis University
35%

You're not logged in!

Compare scores with friends on all Sporcle quizzes.
OR
Log In

You Might Also Like...

Show Comments

Extras

Top Quizzes Today


Score Distribution

Your Account Isn't Verified!

In order to create a playlist on Sporcle, you need to verify the email address you used during registration. Go to your Sporcle Settings to finish the process.

Report this User

Report this user for behavior that violates our Community Guidelines.

Details: